| 000 | 01107cab a2200265 4500 | ||
|---|---|---|---|
| 001 | ABS59137 | ||
| 008 | 090401t1998 xxu||||| |||| 00| 0 eng d | ||
| 035 | _a(Sirsi) u88124 | ||
| 041 | _aeng | ||
| 100 | _aPigott, A. | ||
| 245 | _aPlaying by the rules | ||
| 260 | _c1998 | ||
| 350 | _a0 | ||
| 490 |
_aConstruction News _v(6576) 30 July 1998, 19(1) |
||
| 520 | _aReviews the Scheme for Construction Contracts, which provides that an adjudicator can open up, revise or review and decision taken ot any certificate given by any person refered to in the contract. It also analyses the role of the Official Referees Solicitors Adjudication Rules. | ||
| 650 | _aMANAGEMENT-DISPUTE AVOIDANCE, MANAGEMENT AND RESOLUTION-DISPUTE MANAGEMENT AND RESOLUTION-ALTERNATIVE DISPUTE RESOLUTION-ADJUDICATION | ||
| 650 | _aCERTIFICATES | ||
| 650 | _aICE ADJUDICATION PROCEDURE | ||
| 650 | _aOFFICIAL REFEREES SOLICITORS ADJUDICATION RULES | ||
| 650 | _aORSA RULES | ||
| 650 | _aSCHEME FOR CONSTRUCTION CONTRACTS | ||
| 690 | _aBUILT ENVIRONMENT-BUILDING CONTRACT FORMS | ||
| 942 | _n0 | ||
| 948 | _c25/08/1998 | ||
| 999 |
_c55665 _d55665 |
||